San Pedro de Atacama : (Registro nro. 2788)
[ vista simple ]
| 000 -LEADER | |
|---|---|
| campo de control de longitud fija | 00684nam a22002297a 4500 |
| 001 - NÚMERO DE CONTROL | |
| campo de control | 2788 |
| 003 - IDENTIFICADOR DE NÚMERO DE CONTROL | |
| campo de control | HMS |
| 005 - FECHA Y HORA DE LA ÚLTIMA TRANSACCIÓN | |
| campo de control | 20250929153433.0 |
| 008 - DATOS DE LONGITUD FIJA--INFORMACIÓN GENERAL | |
| campo de control de longitud fija | 250929e2024 cl a|||gr|||| 001 0 spa |
| 020 ## - NÚMERO INTERNACIONAL ESTÁNDAR DEL LIBRO | |
| Número Internacional Estándar del Libro | 9789564167541 |
| 040 ## - FUENTE DE CATALOGACIÓN | |
| Centro catalogador/agencia de origen | hms |
| Lengua de catalogación | spa |
| Centro/agencia transcriptor | hms |
| 082 04 - NÚMERO DE LA CLASIFICACIÓN DECIMAL DEWEY | |
| Número de clasificación | 983.01 S562 |
| 100 1# - ENTRADA PRINCIPAL--NOMBRE DE PERSONA | |
| Nombre de persona | Siares Flores, Eva |
| Término indicativo de función/relación | autora |
| 9 (RLIN) | 4312 |
| 245 10 - MENCIÓN DEL TÍTULO | |
| Título | San Pedro de Atacama : |
| Resto del título | Pueblo eterno / |
| Mención de responsabilidad, etc. | Eva Siares Flores. |
| Medio | [libro] |
| 246 30 - FORMA VARIANTE DEL TITULO | |
| Título propio/Titulo breve | Pueblo eterno. |
| 250 ## - MENCION DE EDICION | |
| Mención de edición | Enero 2024 |
| 260 ## - PUBLICACIÓN, DISTRIBUCIÓN, ETC. | |
| Lugar de publicación, distribución, etc. | Atacama, Chile : |
| Nombre del editor, distribuidor, etc. | Blue Gráfica, |
| Fecha de publicación, distribución, etc. | 2024 |
| 300 ## - DESCRIPCIÓN FÍSICA | |
| Extensión | 83 páginas : |
| Otras características físicas | ilustraciones ; |
| Dimensiones | 22 cm. |
| 500 ## - NOTA GENERAL | |
| Nota general | Incluye índice |
| 651 #7 - PUNTO DE ACCESO ADICIONAL DE MATERIA--NOMBRE GEOGRÁFICO | |
| Nombre geográfico | San Pedro de Atacama (Chile) |
| Subdivisión general | Historia |
| 9 (RLIN) | 4313 |
| 942 ## - ELEMENTOS DE ENTRADA SECUNDARIOS (KOHA) | |
| Fuente del sistema de clasificación o colocación | Clasificación Decimal Dewey |
| Tipo de ítem Koha | Colección General |
| Suprimir en OPAC | No |
| Estatus retirado | Estado de pérdida | Fuente del sistema de clasificación o colocación | Estado de daño | No para préstamo | Colección | Biblioteca de origen | Biblioteca actual | Ubicación en estantería | Fecha de adquisición | Fuente de adquisición | Número de inventario | Total de préstamos | Signatura topográfica completa | Código de barras | Visto por última vez | Copia número | Precio de reemplazo | Tipo de ítem Koha |
|---|---|---|---|---|---|---|---|---|---|---|---|---|---|---|---|---|---|---|
| Clasificación Decimal Dewey | Colección General | Biblioteca Hospital Militar de Santiago | Biblioteca Hospital Militar de Santiago | Exhibido | 05/02/2025 | Donación | 001982 | 983.01 S562 2024 | 001982 | 29/09/2025 | c.1 | 29/09/2025 | Colección General |
